| 000 | 005820000a22001810004500 | ||
|---|---|---|---|
| 003 | MACL | ||
| 005 | 20160504132446.0 | ||
| 008 | 160504b xxu||||| |||| 00| 0 eng d | ||
| 040 |
_aMACL _cMACL |
||
| 041 | _aHindi | ||
| 082 | _a800 SIN | ||
| 100 |
_aसिंह, सियाराम शरण _955138 |
||
| 245 |
_aशब्द कहेंगे _cसियाराम शरण सिंह |
||
| 260 |
_bसमीक्षा प्रकाशन _c1999 _aमुजफफरपुर |
||
| 350 | _a200 | ||
| 650 |
_aLiterature _955139 |
||
| 942 |
_cHIN _k800/SIN/L _2ddc |
||
| 999 |
_c9806 _d9806 |
||